The Panem Quiz Stats

 Plays Quiz Updated Dec 6, 2016

Challenge
Share
Tweet
Embed
Score 0/44 Timer 06:00
0 Plays Today
Category Answer % Correct
Career DistrictDistrict 1
90.2%
Flag ColorRed
90%
Career DistrictDistrict 2
89.5%
Career DistrictDistrict 4
87.5%
Symbol of Rebellion (Person)Katniss Everdeen
85.6%
# of Tributes in Hunger Games24
85%
District 12 IndustryCoal Mining
84.8%
PresidentPresident Coriolanus Snow
84.1%
Number Of Districts13
84.1%
Primary LanguageEnglish
82.1%
National Bird (Post-Rebellion)Mockingjay
79.9%
Gap between Quarter Quells25 Years
77%
Former CountryUnited States
75.1%
Former CountryCanada
74.8%
Bordering OceanPacific
74.8%
Bordering OceanAtlantic
74.6%
Annual National Pastime EventHunger Games
74.5%
Flag ColorYellow
73.6%
Primary ContinentNorth America
73.3%
Flag ColorBlack
73.3%
Former CountryMexico
72.7%
District 2 IndustryMasonry, Weapons, Peacekeepers
72.4%
Category Answer % Correct
District 4 IndustryFishing
70.8%
District 11 IndustryAgriculture
70.1%
# of Tributes in Second Quarter Quell48
69.6%
Language of the PhraseLatin
66.9%
Winner of Second Quarter QuellHaymitch Abernathy
62.6%
District 7 IndustryLumber
62.1%
Capital CityThe Capitol
61.3%
Leader of the RebellionPresident Alma Coin
60.7%
District 3 IndustryElectronics
59.4%
District 13 IndustryNuclear Development, Graphite Mining
57.5%
Type of GovernmentTotalitarian Dictatorship
56.1%
Name for 'Soldier'Peacekeeper
53.2%
District 1 IndustryLuxury Items
51.2%
District 8 IndustryTextiles
49.8%
District 5 IndustryPower
40.2%
District 10 IndustryLivestock
38.1%
District 9 IndustryGrain
32.1%
Location of the Capital CityRocky Mountains
31.6%
District 6 IndustryTransportation
29.9%
Name of First RebellionDark Days
23.6%
Phrase Panem is Derived frompanem et circenses
22.5%
Leader after Second RebellionGeneral Paylor
20.6%

You're not logged in!

Compare scores with friends on all Sporcle quizzes.
Join for Free
OR
Log In

You Might Also Like...

Show Comments

Extras

Top Quizzes Today


Score Distribution

Your Account Isn't Verified!

In order to create a playlist on Sporcle, you need to verify the email address you used during registration. Go to your Sporcle Settings to finish the process.

Report this User

Report this user for behavior that violates our Community Guidelines.

Details: